Statistiques concernant Villes les plus peuplées de la Corse-du-Sud 2A

Cliquez ici pour prendre le quiz!

Statistiques générales

  • Ce quiz a été pris 56 fois
  • Le résultat moyen est 5 sur 15

Statistiques - réponses

PopulationVille% Correct
72 647Ajaccio
96%
11 040Porto-Vecchio
89%
3 204Bonifacio
87%
3 705Propriano
74%
3 408Sartène
65%
4 250Bastelicaccia
30%
2 755Zonza
24%
3 277Afa
15%
3 562Alata
15%
1 889Lecci
13%
3 398Grosseto-Prugna
11%
2 038Peri
9%
3 309Sarrola-Carcopino
9%
1 945Pietrosella
7%
2 032Cuttoli-Corticchiato
4%

Distribution des résultats

Percentile par nombre de réponses

% des personnes avec chaque résultat

Votre développement - résultats

Vous n’avez pas pris ce quiz